000 00549nam a2200205Ia 4500
005 20250508164429.0
008 008 250505s9999 xx 000 0 hin d
037 _aTextual
040 _aFEDL
_beng
_cFEDL
041 _ahin
_2eng
084 _a891.43, SOB
_qFEDL
100 _aSobti Krishna
245 0 _aHum hashmat - 1
260 _aNew Delhi, India
_bRajkamal Prakashan Pvt. Ltd.
_c1999
300 _a271p.
365 _aINR
_b225
650 _aHindi Literature
942 _cTEXL
_h891.43, SOB
999 _c1389102
_d1389102